000 00317nam a22001337a 4500
008 170130b xxu||||| |||| 00| 0 eng d
020 _a9781284026320
041 _aeng
080 _211TH
_a61
100 _a3
101 _aSHMI
245 _aLEGAL ASPECTS OF HEALTH CARE ADMINISTRATION
_cPOZGAR, G.D
942 _2udc
_cBK
999 _c3959
_d3959